Juegos florales de Burgos (Record no. 156495)

MARC details
000 -LEADER
campo de control de longitud fija 01135nam a22001935i 4500
001 - NÚMERO DE CONTROL
campo de control 156495
003 - IDENTIFICADOR DE NÚMERO DE CONTROL
campo de control ES-MaACL
005 - FECHA Y HORA DE LA ÚLTIMA TRANSACCIÓN
campo de control 20230906210425.0
008 - DATOS DE LONGITUD FIJA--INFORMACIÓN GENERAL
campo de control de longitud fija 021126d1881 sp |||| | spa d
040 ## - FUENTE DE CATALOGACIÓN
Centro catalogador/agencia de origen CYL
Lengua de catalogación spa
Centro/agencia transcriptor CYL
245 00 - MENCIÓN DEL TÍTULO
Título Juegos florales de Burgos
Resto del título : composiciones premiadas en el certamen celebrado en esta capital, bajo los auspicios del ayuntamiento durante las ferias de s. Pedro y s. Pablo, año de 1881.
260 ## - PUBLICACIÓN, DISTRIBUCIÓN, ETC.
Lugar de publicación, distribución, etc. Burgos :
Nombre del editor, distribuidor, etc. [s.n.],
Fecha de publicación, distribución, etc. 1881 (
Fabricante Imprenta de Timoteo Arnáiz)
300 ## - DESCRIPCIÓN FÍSICA
Extensión 189 p. ;
Dimensiones 23 cm.
505 8# - NOTA DE CONTENIDO CON FORMATO
Nota de contenido con formato Contiene : Resúmen histórico-crítico de la literatura burgalesa de los siglos XII al XVIII por Manuel Martínez Añibarro. La batalla de Acinas por Conrado Muiños y Saenz. El castillo de Carazo por José Martínez Rives
651 #4 - PUNTO DE ACCESO ADICIONAL DE MATERIA--NOMBRE GEOGRÁFICO
Nombre geográfico Burgos-
Subdivisión general Ferias y Fiestas.
9 (RLIN) 222596
852 ## - LOCALIZACIÓN
Ubicación ES-MaACL
Número de control de estantería T-1115-F-2
Nota libre -- Enc. hol., conservando la cub. original
-- -- An. ms.: ded. de Manuel Martínez Añibarro a José de Cárdenas
-- -- Enc. en un vol. facticio
852 ## - LOCALIZACIÓN
Ubicación ES-MaACL
Número de control de estantería T-436-F-3
Nota libre -- Enc. hol.
condición física -- Falto de la cub. original
Nota libre -- Enc. en un vol. facticio
Holdings
Estatus retirado Estado de pérdida Estado de daño No para préstamo Colección Biblioteca de origen Biblioteca actual Ubicación en estantería Fecha de adquisición Total de préstamos Signatura topográfica completa Código de barras Visto por última vez Precio de reemplazo Tipo de ítem Koha
        Colección de folletos Biblioteca del Ateneo de Madrid Biblioteca del Ateneo de Madrid Depósito folletos 17/01/2008   T-436-F-3 1163728 23/02/2023 23/02/2023 Folleto
        Colección de folletos Biblioteca del Ateneo de Madrid Biblioteca del Ateneo de Madrid Depósito folletos 17/01/2008   T-1115-F-2 1163727 23/02/2023 23/02/2023 Folleto